KISS: Albums by Cover - Statistics

General Stats
  • This quiz has been taken 94 times
  • The average score is 17 of 20
Answer Stats
Picture Hint Answer % Correct
1976 Destroyer
98%
1974 Kiss
98%
1975 Dressed to Kill
96%
1979 Dynasty
96%
1977 Love Gun
95%
1974 Hotter Than Hell
91%
1980 Unmasked
91%
1984 Animalize
89%
1982 Creatures of the Night
89%
1981 Music from "The Elder"
87%
1983 Lick It Up
85%
1989 Hot in the Shade
82%
1998 Psycho Circus
82%
1976 Rock and Roll Over
82%
1997 Carnival of Souls: The Final Sessions
78%
1987 Crazy Nights
69%
2012 Monster
67%
1992 Revenge
67%
2009 Sonic Boom
67%
1985 Asylum
65%
No matching quizzes found
Score Distribution
Percent of People with Each Score
Percentile by Number Answered
Your Score History
You have not taken this quiz